|
|
|
|
| LEADER |
00000cam a22000004a 4500 |
| 001 |
musev2_2569 |
| 003 |
MdBmJHUP |
| 005 |
20230905040335.0 |
| 006 |
m o d |
| 007 |
cr||||||||nn|n |
| 008 |
100610s2011 msu o 00 0 eng d |
| 010 |
|
|
|z 2010024269
|
| 020 |
|
|
|a 9781604738315
|
| 020 |
|
|
|z 1604738316
|
| 020 |
|
|
|z 9781604738308
|
| 020 |
|
|
|z 1604738308
|
| 035 |
|
|
|a (OCoLC)713030310
|
| 040 |
|
|
|a MdBmJHUP
|c MdBmJHUP
|
| 050 |
0 |
4 |
|a ML3792.S72
|b G53 2011
|
| 082 |
0 |
|
|a 782.421642
|2 22
|
| 100 |
1 |
|
|a Gibson, Nathan D.
|
| 245 |
1 |
4 |
|a The Starday Story :
|b The House That Country Music Built /
|c by Nathan D. Gibson ; with Don Pierce.
|
| 264 |
|
1 |
|a Jackson :
|b University Press of Mississippi,
|c 2011.
|
| 264 |
|
3 |
|a Baltimore, Md. :
|b Project MUSE,
|c 2012
|
| 264 |
|
4 |
|c ©2011.
|
| 300 |
|
|
|a 1 online resource (272 pages):
|b ill. ;
|
| 336 |
|
|
|a text
|b txt
|2 rdacontent
|
| 337 |
|
|
|a computer
|b c
|2 rdamedia
|
| 338 |
|
|
|a online resource
|b cr
|2 rdacarrier
|
| 490 |
0 |
|
|a American made music series
|
| 504 |
|
|
|a Includes discographies, bibliographical references (p. 249-255), and index.
|
| 505 |
0 |
|
|a You all come -- Rock it -- Don't stop the music -- Rank stranger -- Sunny Tennessee -- Giddy-up go -- A satisfied mind.
|
| 588 |
|
|
|a Description based on print version record.
|
| 610 |
1 |
0 |
|a Starday Records, Inc.
|
| 650 |
|
0 |
|a Country music
|x History and criticism.
|
| 650 |
|
0 |
|a Sound recording industry.
|
| 655 |
|
7 |
|a Electronic books.
|2 local
|
| 700 |
1 |
|
|a Pierce, Don,
|d 1915-2005.
|
| 710 |
2 |
|
|a Project Muse.
|e distributor
|
| 830 |
|
0 |
|a American made music series.
|
| 830 |
|
0 |
|a Book collections on Project MUSE.
|
| 856 |
4 |
0 |
|z Texto completo
|u https://projectmuse.uam.elogim.com/book/2569/
|
| 945 |
|
|
|a Project MUSE - Custom Collection
|
| 945 |
|
|
|a Project MUSE - 2011 Complete
|
| 945 |
|
|
|a Project MUSE - 2011 Global Cultural Studies
|